Quizz sur Dragon Ball - Difficulté Difficile - Statistiques

Statistiques générales
  • Ce quiz a été pris 202 fois
  • Le résultat moyen est 9 sur 20
Statistiques - réponses
Questions Réponses % Correct
Lors de la saga Namek, Gohan ramène une Boule de Cristal à Bulma et Krilin. Laquelle ? La quatrième
92%
Qui est mort le plus de fois dans Dragon Ball Z ? Krillin
80%
Dans Dragon Ball Super, quel est le nom du mode de combat maîtrisé par Goku qui dépasse les transformations de Super Saiyan ? Ultra Instinct
71%
A sa naissance, à combien d'unités se chiffrait la puissance de Sangoku ? 2
70%
De quelle couleur sont les yeux de Broly sous sa dernière forme ? Blanc
67%
Dans l'épisode 100, qui se déroule lors de la saga Freezer, quel personnage était ensouveli sous la terre ? Vegeta
67%
Pourquoi Oolong veut-il invoquer le dragon Shenron ? Pour lui demander une culotte
64%
Dans l'épisode 243, Buu a transformé les humains en quoi ? Tablettes de chocolats
64%
Dans l’arc de Majin Boo, quelle technique de fusion apprend Goku aux jeunes Trunks et Goten ? La danse de la fusion
60%
Qui cultive les les Senzus ( Haricots magiques ) ? Karin
58%
Comment s'appelle la bête bleue volante qui est toujours avec Yamcha ? Plume
58%
Comment s'appelle la transformation que Goku obtient dans Dragon Ball GT, qui combine les pouvoirs de sa forme Super Saiyan avec ceux de sa forme de singe géant (Oozaru) ? Super Saiyan 4
50%
Dans le tournoi des arts martiaux du 22ᵉ Tenkaichi Budokai, quel personnage tente d'attaquer Tenshinhan par surprise, entraînant l'intervention de Kame Sennin ? Tsuru Sennin
33%
Dans quel film voit-on qui a donné l'épée que Trunks du futur possède ? L'attaque du Dragon
26%
Dans quel film Broly est-il mort pour de bon ? Le retour de Broly
26%
Dans Dragon Ball GT, combien d’étoiles possède la Dragon Ball infectée par le Dragon Maléfique Li Shenron ? 1 étoile
19%
Dans Dragon Ball Z, quel est le nom de la planète que King Kai appelle pour la première fois sa "planète secrète" et où il entraîne Goku ? Planète Kaio
8%
Dans Dragon Ball GT, qui est le premier à être tué par le Dragon Maléfique Li Shenron ? Nuova Shenron
3%
De quel planète vient Garlic.jr Makyo star
2%
Dans Dragon Ball Z, quel est le nom de la technique utilisée par Majin Vegeta pour essayer de tuer Majin Boo, se sacrifiant au passage ? L'explosion Finale
1%
Aucun quiz correspondant
Distribution des résultats
% des personnes avec chaque résultat
Percentile par nombre de réponses
Votre historique - résultats
Vous n’avez pas pris ce quiz